000 00381nam a2200133Ia 4500
008 151001s9999||||xx |||||||||||||| ||und||
100 _aदिनेश सिंह चौहान
245 _aभगवान गौतम बुध्द
250 _a1
260 _bदेवपुस्तक मंदिर
260 _c2010
300 _a60
365 _b21
999 _c995692
_d995689